Mort subite : les gares desservies par l'Eurostar - Statistiques

Statistiques générales
  • Ce quiz a été pris 98 fois
  • Le résultat moyen est 6 sur 16
Answers on the Grid
Answers color-coded by a green-red scale on the quiz's grid according to % correct below.
Rotterdam-Central
Utrecht-Central
Paris-Gare-du-Nord
Bruxelles-Midi
Düsseldorf Hbf
Amstardam-Central
Londres-St-Pancras
Bruxelles-Midi
Lille-Europe
Lille-Flandres
TGV Haute-Picardie
Aéroport-Charles-de-Gaulle-2-TGV
Massy-TGV
Bordeaux-Saint-Jean
Chambéry-Challes-les-Eaux
Bourg-Saint-Maurice
Marseille-Saint-Charles
Futuroscope
Essen Hbf
Mannheim Hbf
Francfort Hbf
Bâle SBB
Maastricht (NL)
Aix-la-Chapelle Hbf
Copenhague Hbf
Berlin Hbf
Birmingham New Street
Liverpool-Central
Anvers-Central
Luxembourg-Ville
Charleroi-Central
Schiphol-Aéroport
 
Statistiques - réponses
Réponse % Correct
Lille-Europe
61%
Paris-Gare-du-Nord
61%
Amstardam-Central
55%
Bruxelles-Midi
55%
Bruxelles-Midi
55%
Londres-St-Pancras
54%
Anvers-Central
42%
Aéroport-Charles-de-Gaulle-2-TGV
36%
Rotterdam-Central
34%
Schiphol-Aéroport
34%
Aix-la-Chapelle Hbf
27%
Essen Hbf
27%
Düsseldorf Hbf
22%
Marseille-Saint-Charles
16%
Bourg-Saint-Maurice
13%
Chambéry-Challes-les-Eaux
7%
Aucun quiz correspondant
Distribution des résultats
% des personnes avec chaque résultat
Percentile par nombre de réponses
Votre historique - résultats
Vous n’avez pas pris ce quiz